| 000 | 00815nam a22002297a 4500 | ||
|---|---|---|---|
| 005 | 20251108173626.0 | ||
| 008 | 250721s2006 xx 000 0 ara d | ||
| 020 | _a9953462062 | ||
| 082 | 1 | 4 | _aم/344.046/رست |
| 100 | 1 | _aرستم، محمد خالد جمال | |
| 245 | 1 | 0 | _aالتنظيم القانوني للبيئة في العالم : مقدمة في القوانين البيئية ... / |
| 246 | 1 | 1 | _aThe Legal Sestem of Environment in the World |
| 264 | 1 |
_aلبنان : _bمنشورات الحلبي الحقوقية، _c2006. |
|
| 300 | _a808 ص. | ||
| 650 | 1 | 7 | _aالقانون البيئي |
| 650 | 1 | 7 | _aتشريعات البيئة |
| 650 | 1 | 7 | _aالجرائم البيئية |
| 650 | 1 | 7 | _aحماية البيئة |
| 650 | 1 | 7 | _aالمعاهدات |
| 942 |
_2ddc _cBK |
||
| 999 |
_c108424 _d108424 |
||